000 00821nas a2200277 4500
001 BR9904254
003 BR-BrBNA
005 20231205101551.0
007 ta
008 230509b bl.|||p| |||| 00| 00por d
040 _aBR-BrBNA
_bpor
_cBiblioteca Nacional de Agricultura
041 _a(Pt)
072 _aF01
100 1 _aVieira, R.F.
100 1 _aResende, M.A.V. de
100 1 _aVieira, C.
100 1 _aFerreira, R.T.
245 1 _aEpocas de plantio da lentilha precoce em quatro regioes de Minas Gerais
650 _aLentilha
650 _aEpoca de Plantio
650 _aRendimento
650 _aMinas Gerais
773 0 _tPesquisa Agropecuaria Brasileira (Brazil)
_xISSN 0100-204X
_g(Jul 1999), v. 34(7) p. 1233-1240
_wBR9904254
909 _a202311
_bLúcia
_c55
_dLúcia Elande
942 _2AGRIS
_n0
_cANA
999 _c162583
_d162583